000 00313nam a22001337a 4500
008 210302b ||||| |||| 00| 0 eng d
020 _a9780131918221
041 _aeng
080 _27th
_a37
100 _a25
101 _aEDU
245 _aThe Prentice Hall Guide for College Writers
_cReid,S
942 _2udc
_cBK
999 _c55489
_d55489